00223nam a2200073 4500082001200000245007200012260002600084650003900110 a542 SAF a"Safety in Microbiological Laboratories"a need in the new Millenium aColombobICHEMCc2002 aMicrobiological Laboratoriesa2002